Vista normal
Vista MARC
Entrada Materia (personas)
Número de registros utilizados en: 1
001 - CONTROL NUMBER
- control field: 166456
003 - CONTROL NUMBER IDENTIFIER
- control field: Co-BoUCM
005 - DATE AND TIME OF LATEST TRANSACTION
- control field: 20211111081406.0
008 - FIXED-LENGTH DATA ELEMENTS
- fixed length control field: 211111|| aca||aabn | a|a d
040 ## - CATALOGING SOURCE
- Original cataloging agency: Co-BoUCM
- Transcribing agency: Co-BoUCM
100 ## - HEADING--PERSONAL NAME
- Personal name: Komives, Kristin
670 ## - SOURCE DATA FOUND
- Source citation: Work cat.: (Co-BoUCM)65378: Agua, electricidad y pobreza ¿quién se beneficia de los subsidios de los servicios públicos?, 2006